000 00666nam a2200241Ia 4500
008 180620s9999 xx 000 0 und d
050 _aREF QA 76.15
050 _b.M44 2003
100 _aMehta, Subhash.
245 0 _aAcademic's dictionary of computers :
245 0 _b comprehensive and fully illustrated /
245 0 _cSubhash Mehta.
260 _aNew Delhi, India:
260 _bAcademic Publishers.
260 _c2003
300 _a436 pages :
300 _billustrations ;
300 _c22 cm.
650 _aElectronic data processing --
650 _aElectronic digital computers --
650 _xDictionaries.
650 _xDictionaries.
999 _c358027
_d358027